Pengurusan latihan dan keberkesanan Kursus Sarjana Pengurusan dan Pemerintahan Pasukan /
Saved in:
| 主要作者: | |
|---|---|
| 其他作者: | , |
| 格式: | Thesis 圖書 |
| 語言: | Malay |
| 出版: |
2001.
|
| 主題: | |
| 標簽: |
添加標簽
沒有標簽, 成為第一個標記此記錄!
|
| LEADER | 01327cam a2200313 a 4500 | ||
|---|---|---|---|
| 001 | u510965 | ||
| 003 | SIRSI | ||
| 008 | 980923s2001 my a t 00 0 may m | ||
| 035 | |a ACX-7186 | ||
| 040 | |a UMK |d UMM | ||
| 043 | |a a-my--- | ||
| 090 | |a HD31 |b UM 2001 Abdmj | ||
| 098 | |a HD31 |b UM 2001 Abdmj | ||
| 100 | 0 | 0 | |a Abd Malik Jiran. |
| 245 | 1 | 0 | |a Pengurusan latihan dan keberkesanan Kursus Sarjana Pengurusan dan Pemerintahan Pasukan / |c oleh Abd Malik bin Jiran, Robert Foo Yap Sia, Md Din bin Abu. |
| 260 | |c 2001. | ||
| 300 | |a xiii, 128, [14] leaves : |b ill. ; |c 30 cm. | ||
| 502 | |a Dissertation (M.Mgmt.) -- Fakulti Perniagaan dan Perakaunan, Universiti Malaya, 2001. | ||
| 504 | |a Bibliography: leaves [145]-[146]. | ||
| 610 | 1 | 0 | |a Malaysia. |b Institut Pengurusan Tentera Darat. |
| 650 | 0 | |a Military education |z Malaysia |x Management | |
| 700 | 1 | 0 | |a Foo, Robert Yap Sia. |
| 700 | 0 | 0 | |a Md Din Abu. |
| 710 | 2 | 0 | |a Universiti Malaya. |b Fakulti Perniagaan dan Perakaunan. |
| 856 | |f IARC:A511959045 |z Click Here for Abstract and Table of Contents | ||
| 948 | |a 21/04/2003 |b 22/09/2004 | ||
| 596 | |a 1 19 | ||
| 999 | |a HD31 UM 2001 ABDMJ |w LC |c 1 |i A511211995 |d 9/3/2012 |e 9/3/2012 |l STACKS |m P01UTAMA |n 2 |r Y |s Y |t TESIS |u 24/9/2004 | ||
| 999 | |a HD31 UM 2001 ABDMJ |w LC |c 1 |i A511853515 |d 8/6/2005 |f 8/6/2005 |g 1 |l STACKS |m P19KOTA |r Y |s Y |t TESIS |u 8/6/2005 | ||
